000 00766nmm a2200265 a 4500
003 AR-BaBNM
005 20251128211110.0
008 212120s1984 ||||||||||||||000 | spa||
040 _cAR-BaBNM
100 1 _aBiedma, Carlos María
245 1 0 _aObras y escritos pedagógicos
_bideario pedagógico
260 _aBuenos Aires
_bEscuela Argentina Modelo
_c1984
300 0 _a116 p.
650 4 _aFINALIDADES DE LA EDUCACION
650 4 _aPAPEL DE LA ESCUELA
650 4 _aPAPEL DEL DOCENTE
650 4 _aTECNICAS DIDACTICAS
650 4 _aAMBIENTE EDUCACIONAL
650 4 _aESCUELAS PRIVADAS
653 0 _aPEDAGOGOS
700 1 _aGelderen, Alfredo Manuel van
_eprologuista
700 1 _aPino, Diego A. del
_eselección
942 _cBK
998 _cAlicia
999 _c18218
_d18218